Vista normal Vista MARC

Entrada Nombre Corporativo

Número de registros utilizados en: 1

001 - NUMERO DE CONTROL

  • control field: 26780

003 - CONTROL NUMBER IDENTIFIER

  • control field: AR-RoUNA

005 - FECHA Y HORA DE LA ÚLTIMA TRANSACCIÓN

  • control field: 20241111131410.0

008 - ELEMENTOS DE DATOS DE LONGITUD FIJA

  • fixed length control field: 241111|| aca||aabn | a|a d

040 ## - FUENTE DE CATALOGACIÓN

  • Original cataloging agency: AR-RoUNA
  • Transcribing agency: AR-RoUNA

110 ## - NOMBRE CORPORATIVO

  • Subordinate unit: Barcelona. Dirección de Servicios de Transporte.
  • Location of meeting: Entidad del Transporte

670 ## - SOURCE DATA FOUND

  • Source citation: Work cat.: (AR-RoUNA)11687: Barcelona. Dirección de Servicios de Transporte. Entidad del Transporte, Movilidad y estrategia del transporte en el Area Metropolitanade Barcelona, 1991.